[Event "Rio de Janeiro op UERJ 60 anos"]
[Site "Rio de Janeiro"]
[Date "2010.12.04"]
[Round "3.6"]
[White "Guimaraes, Wagner Peixoto"]
[Black "Castro, Josimar Barroso"]
[Result "1-0"]
[WhiteElo "2257"]
[BlackElo "2069"]
[PlyCount "101"]
[EventDate "2010.12.02"]
[EventType "swiss"]
[EventRounds "6"]
[EventCountry "BRA"]
[SourceTitle "EXT 2022"]
[Source "ChessBase"]
[SourceDate "2021.10.06"]
[SourceVersion "1"]
[SourceVersionDate "2021.10.06"]
[SourceQuality "1"]

1. d4 Nf6 2. c4 g6 3. Nc3 Bg7 4. e4 d6 5. Be2 0-0 6. Bg5 h6 7. Be3 c5 8. e5 Ne8 9. dxc5 Qa5 10. Qd2 Kh7 11. Nf3 dxc5 12. h4 h5 13. Ne4 Qxd2+ 14. Bxd2 b6 15. Nfg5+ Kh8 16. Bf3 Bb7 17. Bc3 Nc6 18. e6 f6 19. Nh3 Rd8 20. Nf4 Kh7 21. Nd5 Nd6 22. Nxd6 Rxd6 23. 0-0-0 Bh6+ 24. Kb1 Rxe6 25. Nc7 Rd6 26. Rxd6 exd6 27. Nb5 Bf4 28. Nxa7 Nd8 29. Bxb7 Nxb7 30. Re1 Rf7 31. Nc8 Be5 32. Kc2 Na5 33. Nxb6 Nc6 34. Nd5 g5 35. g3 Kg6 36. f4 gxf4 37. gxf4 Bd4 38. Re6 Rd7 39. Nxf6 Kf7 40. Nxd7 Kxe6 41. Nb6 Kf5 42. Nd5 Kg4 43. Be1 Bg1 44. Nf6+ Kxf4 45. Nxh5+ Kf5 46. Ng3+ Kg4 47. Ne4 Bh2 48. a4 Kf5 49. Bg3 Kxe4 50. Bxh2 d5 51. cxd5 1-0

[Event "Araruama op"]
[Site "Araruama"]
[Date "2010.08.29"]
[Round "9"]
[White "Castro, Josimar Barroso"]
[Black "Silva, Marcelo dos Santos"]
[Result "1/2-1/2"]
[WhiteElo "2080"]
[BlackElo "2067"]
[PlyCount "33"]
[EventDate "2010.08.21"]
[EventType "swiss"]
[EventRounds "9"]
[EventCountry "BRA"]
[SourceTitle "CBM 138 Extra"]
[Source "ChessBase"]
[SourceDate "2010.10.29"]
[SourceVersion "1"]
[SourceVersionDate "2010.10.29"]
[SourceQuality "1"]

1. e4 e6 2. d4 d5 3. e5 c5 4. c3 Qb6 5. a3 Bd7 6. Nf3 Bb5 7. Bxb5+ Qxb5 8. Nbd2 Nh6 9. Qe2 Qxe2+ 10. Kxe2 cxd4 11. cxd4 Nf5 12. b4 h5 13. Bb2 Be7 14. Rhc1 Kd7 15. Rc2 Rc8 16. Rac1 Nc6 17. Kd3 1/2-1/2

[Event "Araruama op"]
[Site "Araruama"]
[Date "2010.08.25"]
[Round "5"]
[White "Nobre, Jose Adalberto Barb"]
[Black "Castro, Josimar Barroso"]
[Result "0-1"]
[WhiteElo "1735"]
[BlackElo "2080"]
[PlyCount "45"]
[EventDate "2010.08.21"]
[EventType "swiss"]
[EventRounds "9"]
[EventCountry "BRA"]
[SourceTitle "CBM 138 Extra"]
[Source "ChessBase"]
[SourceDate "2010.10.29"]
[SourceVersion "1"]
[SourceVersionDate "2010.10.29"]
[SourceQuality "1"]

1. e4 c5 2. Nc3 e6 3. f4 Nc6 4. Bb5 Nd4 5. Nf3 a6 6. Bd3 Qb6 7. e5 f5 8. Nxd4 cxd4 9. Ne2 Ne7 10. 0-0 Nc6 11. Qe1 Qa7 12. Kh1 b5 13. c3 Bb7 14. Bc2 h5 15. d3 Rc8 16. Bb3 h4 17. cxd4 h3 18. Be3 hxg2+ 19. Kg1 gxf1Q+ 20. Qxf1 Nb4 21. Nc3 Rxc3 22. bxc3 Nd5 23. Bf2 0-1

[Event "Araruama op"]
[Site "Araruama"]
[Date "2010.08.22"]
[Round "2"]
[White "Castro, Josimar Barroso"]
[Black "De Freitas, Julio Eimard"]
[Result "1-0"]
[WhiteElo "2080"]
[BlackElo "1873"]
[PlyCount "107"]
[EventDate "2010.08.21"]
[EventType "swiss"]
[EventRounds "9"]
[EventCountry "BRA"]
[SourceTitle "CBM 138 Extra"]
[Source "ChessBase"]
[SourceDate "2010.10.29"]
[SourceVersion "1"]
[SourceVersionDate "2010.10.29"]
[SourceQuality "1"]

1. e4 c5 2. f4 d5 3. exd5 Qxd5 4. Nc3 Qd8 5. Bc4 Nf6 6. Nf3 Nc6 7. h3 e6 8. d3 a6 9. a4 Bd6 10. 0-0 0-0 11. Be3 Qc7 12. Ng5 Nd4 13. Nge4 Be7 14. g4 Bd7 15. Nxf6+ Bxf6 16. Ne4 Be7 17. c3 b5 18. Ba2 Nc6 19. Nxc5 Bc8 20. Ne4 Bb7 21. Qe2 Na5 22. Rad1 Qc6 23. b4 Nc4 24. Bd4 Nd6 25. Bb1 f5 26. Ng3 Bh4 27. Kh2 Rae8 28. Rd2 fxg4 29. hxg4 Bxg3+ 30. Kxg3 h5 31. Qe5 h4+ 32. Kh3 Rf6 33. Qc5 Rh6 34. Qxc6 Bxc6 35. Bc5 Nf7 36. g5 Rh8 37. Ba2 Kh7 38. Kxh4 Kg6+ 39. Kg3 Rh5 40. Rh2 Rxh2 41. Kxh2 Nd8 42. Bb1 Rh8+ 43. Kg3 Nb7 44. d4+ Kf7 45. Re1 Bd7 46. axb5 Nxc5 47. bxc5 axb5 48. Ba2 Ra8 49. Re2 Ra3 50. f5 Rxc3+ 51. Kf4 Bc6 52. Rxe6 Rf3+ 53. Kg4 Rf2 54. Re2+ 1-0

[Event "Sao Paulo Paulista-ch"]
[Site "Sao Paulo"]
[Date "2007.06.29"]
[Round "2"]
[White "Castro, Josimar Barroso"]
[Black "Santos, Marcus Vinicius M"]
[Result "0-1"]
[WhiteElo "2095"]
[BlackElo "2401"]
[PlyCount "76"]
[EventDate "2007.06.28"]
[EventType "swiss"]
[EventRounds "7"]
[EventCountry "BRA"]
[SourceTitle "CBM 119 Extra"]
[Source "ChessBase"]
[SourceDate "2007.09.04"]
[SourceVersion "1"]
[SourceVersionDate "2007.09.04"]
[SourceQuality "1"]

1. e4 c5 2. Nf3 d6 3. Bb5+ Bd7 4. Bxd7+ Qxd7 5. d4 cxd4 6. Nxd4 Nf6 7. Qe2 Nc6 8. Nxc6 Qxc6 9. Nc3 g6 10. 0-0 Bg7 11. f3 0-0 12. Be3 Rfc8 13. Rfd1 a6 14. a4 Qc4 15. Qxc4 Rxc4 16. Rd2 Rac8 17. Ra3 Rb4 18. Rb3 Rxb3 19. cxb3 Kf8 20. Bg5 h6 21. Be3 Nd7 22. Bd4 Nc5 23. Bxg7+ Kxg7 24. b4 Nd7 25. Nd5 Rc1+ 26. Kf2 Kf8 27. f4 Rc4 28. Ke3 e6 29. Nc3 Rxb4 30. Rxd6 Ke7 31. Rd2 Nb6 32. b3 Rxb3 33. Kd4 Nxa4 34. Nxa4 Rb4+ 35. Kc5 Rxa4 36. Kb6 Rxe4 37. Kxb7 Rxf4 38. Kxa6 Rb4 0-1

[Event "Sao Paulo Itau Cup 10th"]
[Site "Sao Paulo"]
[Date "2006.09.24"]
[Round "2"]
[White "Castro, Josimar Barroso"]
[Black "Vescovi, Giovanni P"]
[Result "0-1"]
[WhiteElo "2098"]
[BlackElo "2619"]
[PlyCount "82"]
[EventDate "2006.09.23"]
[EventType "swiss"]
[EventRounds "9"]
[EventCountry "BRA"]
[SourceTitle "CBM 114 Extra"]
[Source "ChessBase"]
[SourceDate "2006.11.03"]
[SourceVersion "1"]
[SourceVersionDate "2006.11.03"]
[SourceQuality "1"]

1. e4 c5 2. Nf3 e6 3. d4 cxd4 4. Nxd4 Nc6 5. Nc3 a6 6. Be2 Qc7 7. Be3 Nf6 8. a3 Be7 9. 0-0 0-0 10. Kh1 d6 11. f4 Bd7 12. Nb3 b5 13. Bf3 Bc8 14. Qe1 Bb7 15. Rd1 Rae8 16. Qg3 b4 17. axb4 Nxb4 18. e5 Nfd5 19. Bd4 g6 20. Ne4 dxe5 21. Bxe5 Qc8 22. Nd6 Bxd6 23. Bxd6 Nxc2 24. Rf2 Nde3 25. Rxc2 Qxc2 26. Rc1 Qxb3 27. Bxb7 Qxb7 28. Qxe3 Rc8 29. Be5 Rxc1+ 30. Qxc1 Rc8 31. Bc3 Qe4 32. h4 e5 33. fxe5 Qxe5 34. Qd2 Qe6 35. Qd4 f6 36. Qf2 Rd8 37. Qf3 Kg7 38. Kh2 Rd7 39. g4 Qd6+ 40. Kg2 Qd5 41. Bxf6+ Kf7 0-1

[Event "Rio de Janeiro tt"]
[Site "Rio de Janeiro"]
[Date "2001.08.26"]
[Round "4"]
[White "Assuncao, Herlon Carlos"]
[Black "Castro, Josimar Barroso"]
[Result "0-1"]
[WhiteElo "2026"]
[BlackElo "1904"]
[PlyCount "98"]
[EventDate "2001.08.18"]
[EventType "team"]
[EventRounds "5"]
[EventCountry "BRA"]
[SourceTitle "EXT 2005"]
[Source "ChessBase"]
[SourceDate "2004.11.15"]
[SourceVersion "1"]
[SourceVersionDate "2004.11.15"]
[SourceQuality "1"]

1. e4 c5 2. Nf3 Qa5 3. Nc3 Nc6 4. g3 g6 5. Bg2 Bg7 6. 0-0 d6 7. h3 e6 8. Re1 b5 9. e5 d5 10. a4 a6 11. d4 b4 12. Ne2 c4 13. Be3 Nge7 14. Qc1 h6 15. g4 Bd7 16. b3 c3 17. Nf4 Nd8 18. Nd3 Nb7 19. Bf4 Nc6 20. Qe3 0-0-0 21. Rad1 Bf8 22. Kf1 g5 23. Bg3 Be7 24. Kg1 Rdg8 25. Kf1 Qb6 26. Ke2 Nca5 27. Rh1 Nc6 28. Rdg1 h5 29. Kd1 h4 30. Bh2 Nca5 31. Nc1 Bxa4 32. bxa4 Nc4 33. Qe2 Qc6 34. Ke1 Qxa4 35. Kf1 Qa1 36. Qe1 Qb1 37. Nxg5 Bxg5 38. f4 Be7 39. Ne2 Qxc2 40. Qa1 a5 41. Kf2 Qd3 42. Rc1 Qe3+ 43. Ke1 b3 44. Rxc3 Bb4 45. Kf1 Bxc3 46. Qxc3 a4 47. Bg1 Qd2 48. Qa1 b2 49. Qb1 Na3 0-1